00487 2200181 4500001002100000008004100021035002000062245008600082100001700168250000600185260003200191300001200223020002200235084001400257082000800271650001400279990001200293INLIS000000000001226 ind  a0010-0524000461 aSoal & Penyelesaian Olimpiade Matematika Tingkat Kabupaten/KotacAgita Phasa, S.T aPhasa, Agita a1 aJakarta :bPT. Kandelc2019 a193 hlm a978-602-6878-55-7 a510 AGI s a510 aNon Fiksi a0744942